000 00280nam a22001337a 4500
008 170316b xxu||||| |||| 00| 0 eng d
020 _a9780789480453
041 _aeng
080 _a611
100 _a7
101 _aSHM
245 _aANATOMY ARTIST
_cSIMBLET,S
942 _2udc
_cBK
999 _c7950
_d7950